00262nam a2200109Ia 4500008004100000100001900041245002100060260003500081650001200116942000700128999001700135190216s9999||||xx |||||||||||||| ||und|| aEarl D Harison 0aAnimal Diversity bPrentice Hall Of India Pvt Ltd aZoology cBK c37299d37299